| 000 | 00420nam a22001697a 4500 | ||
|---|---|---|---|
| 003 | NUST - PNEC | ||
| 005 | 20170116180935.0 | ||
| 008 | 150906b xxu||||| |||| 00| 0 eng d | ||
| 020 | _a- | ||
| 040 | _cLIBRARY | ||
| 082 | _a621.3124 BAP | ||
| 100 |
_98498 _a Baptidanov L. |
||
| 245 |
_aPower stations and substations _cL. Baptidanov |
||
| 260 | _c- | ||
| 650 |
_98502 _aElectrical engineering _xEE |
||
| 942 |
_2ddc _cBK |
||
| 999 |
_c66031 _d66031 |
||